Poemas infantiles para recitar
Gardado en:
| Autor Principal: | |
|---|---|
| Formato: | Libro |
| Idioma: | Lingua castelá |
| Publicado: |
Valparaíso
Cubil de Almibar
1998
|
| Edición: | 3a. ed |
| Subjects: | |
| Tags: |
Engadir etiqueta
Sen Etiquetas, Sexa o primeiro en etiquetar este rexistro!
|
MARC
| LEADER | 00000nam a2200000 a 4500 | ||
|---|---|---|---|
| 001 | UCH6477 | ||
| 003 | CL-VaPUC | ||
| 008 | 091109e19980000CL |||||||||||||||||spa|d | ||
| 082 | 0 | 4 | |a Ch861 |b MEZ |2 21 |
| 100 | |a Meza Sepúlveda, Juan |e autor |9 543028 | ||
| 245 | 1 | 0 | |a Poemas infantiles para recitar |
| 250 | |a 3a. ed | ||
| 300 | |a 46 p | ||
| 942 | |c BK | ||
| 945 | |d 20091109 00:00:00 |a ccalabra | ||
| 260 | |a Valparaíso |b Cubil de Almibar |c 1998 | ||
| 650 | 0 | |a Literatura |9 259151 | |
| 650 | 0 | |a Literatura chilena |9 308278 | |
| 650 | 0 | |a Poesía chilena |9 268403 | |
| 650 | 0 | |a Poetas chilenos |9 326722 | |
| 650 | 7 | |a PROSA |2 CL-VaPUC |9 306692 | |
| 650 | 0 | |a Narrativa |9 336727 | |
| 650 | 0 | |a Lectura |9 307634 | |
| 651 | 7 | |a CHILE |2 CL-VaPUC |9 543029 | |
| 583 | |a last modification |c 20091109 00:00:00 |k Rodrigo Vera | ||
| 999 | |c 337358 |d 337356 | ||